| 000 | 00657nam a2200193 i 4500 | ||
|---|---|---|---|
| 001 | 149435 | ||
| 003 | ES-MaACL | ||
| 005 | 20230906203113.0 | ||
| 007 | t| | ||
| 008 | 071022q1962 sp ||||1| spa d | ||
| 100 | 1 |
_aVarela Hervías, Eulogio. _9113159 |
|
| 245 | 1 | 0 |
_aNota al "Manual de Madrid" de Mesonero Romanos, 1844 / _cEulogio Varela Hervías. |
| 260 |
_aMadrid : _b[s.n., _c1962] |
||
| 300 |
_a8 p. ; _c28 cm. |
||
| 595 | _aTirada aparte de: Arte español, 1962, 1º-2º cuatrimestres. | ||
| 600 | 1 | 4 |
_aMesonero Romanos, Ramón de, _d1803-1882- _xCrítica e interpretación _980674 |
| 852 |
_aES-MaACL _j2072-F-2 |
||
| 999 |
_c149435 _d149435 |
||